[Event "FIDE World Blitz-ch Women 2018"]
[Site "St. Petersburg"]
[Date "2018.12.29"]
[Round "5.43"]
[White "Vasilevich, Irina"]
[Black "Tsolakidou, Stavroula"]
[Result "0-1"]
[WhiteElo "2258"]
[BlackElo "2387"]
[Annotator "NA"]
[PlyCount "81"]
[EventDate "2018.12.19"]
[EventType "swiss"]
[EventCountry "RUS"]
[SourceTitle "playchess.com"]
[Source "ChessBase"]
[SourceQuality "1"]

1. c4 e5 2. Nc3 Bb4 3. Nd5 Bc5 4. e3 Nf6 5. g3 Nxd5 6. cxd5 d6 7. Bg2 O-O 8. Ne2 Bb6 9. O-O Bg4 10. h3 Bh5 11. b3 Nd7 12. Bb2 f5 13. f4 Qe7 14. Qe1 Nc5 15. Nc1 Rae8 16. b4 Na4 17. Rb1 Nxb2 18. Rxb2 g5 19. Kh2 Kh8 20. a4 a6 21. a5 Ba7 22. b5 exf4 23. gxf4 Bd4 24. Rb3 gxf4 25. bxa6 bxa6 26. Rxf4 Be5 27. Nd3 Bxf4+ 28. Nxf4 Qe5 29. Qh4 Bf7 30. Rb7 Rc8 31. Kh1 Rg8 32. Qf2 Rg7 33. d4 Qf6 34. Ra7 Rcg8 35. Rxc7 Rxg2 36. Nxg2 Bxd5 37. Qf4 Bxg2+ 38. Kh2 Be4 39. h4 Qg6 40. Qf2 Qh5 41. Qf4 0-1

[Event "FIDE World Blitz-ch Women 2018"]
[Site "St. Petersburg"]
[Date "2018.12.29"]
[Round "5.44"]
[White "Tokhirjonova, Gulrukhbegim"]
[Black "Fominykh, Maria"]
[Result "1-0"]
[WhiteElo "2444"]
[BlackElo "2259"]
[Annotator "NA"]
[PlyCount "45"]
[EventDate "2018.12.19"]
[EventType "swiss"]
[EventCountry "RUS"]
[SourceTitle "playchess.com"]
[Source "ChessBase"]
[SourceQuality "1"]

1. e4 e6 2. d4 d5 3. Nd2 c5 4. Ngf3 cxd4 5. Nxd4 Nc6 6. Bb5 Bd7 7. Nxc6 bxc6 8. Bd3 Bd6 9. Qe2 Qc7 10. Nf3 e5 11. exd5 cxd5 12. c4 Nf6 13. cxd5 O-O 14. Bc4 Nxd5 15. O-O Nf4 16. Bxf4 exf4 17. Rac1 Qb6 18. Rfd1 Rae8 19. Qd2 Bc5 20. Qxd7 Bxf2+ 21. Kh1 Qxb2 22. Bxf7+ Kh8 23. Bxe8 1-0

[Event "FIDE World Blitz-ch Women 2018"]
[Site "St. Petersburg"]
[Date "2018.12.29"]
[Round "5.45"]
[White "Bezgodova, Svetlana"]
[Black "Kabanova, Ekaterina"]
[Result "0-1"]
[WhiteElo "2046"]
[BlackElo "2095"]
[Annotator "NA"]
[PlyCount "100"]
[EventDate "2018.12.19"]
[EventType "swiss"]
[EventCountry "RUS"]
[SourceTitle "playchess.com"]
[Source "ChessBase"]
[SourceQuality "1"]

1. Nf3 c5 2. c3 e6 3. d3 a6 4. Nbd2 Qc7 5. e4 d6 6. Be2 Nf6 7. O-O Nbd7 8. Re1 Be7 9. a3 b5 10. b4 Bb7 11. Bb2 O-O 12. Bf1 h6 13. d4 Rfe8 14. h3 c4 15. a4 e5 16. Qc2 Nh7 17. dxe5 dxe5 18. Nb1 Ndf6 19. Nfd2 Rad8 20. Na3 Bc6 21. Bc1 Ng5 22. f3 Qa7+ 23. Kh2 Qf2 24. Re2 Qh4 25. g3 Qh5 26. Bg2 Rd3 27. Rf2 Ne6 28. Nf1 Red8 29. Be3 Bxe4 30. Qe2 Bc6 31. axb5 axb5 32. Nb1 Rd1 33. Qc2 R8d3 34. Ra6 Bd5 35. Nbd2 Re1 36. Bb6 Ng5 37. Ra7 Bf8 38. Bc5 Bxc5 39. bxc5 e4 40. fxe4 Ng4+ 41. Kg1 Ne3 42. Qa2 Nxg2 43. Rxg2 Nxh3+ 44. Kh2 Nf4+ 45. Kg1 Nxg2 46. exd5 Ne3 47. Qa6 Nxf1 48. Qc8+ Kh7 49. Kf2 Qe2+ 50. Kg1 Nxg3+ 0-1

[Event "FIDE World Blitz-ch Women 2018"]
[Site "St. Petersburg"]
[Date "2018.12.29"]
[Round "5.46"]
[White "Assaubayeva, Bibisara"]
[Black "Shaydullina, Sandugach"]
[Result "1-0"]
[WhiteElo "2372"]
[BlackElo "2033"]
[Annotator "NA"]
[PlyCount "121"]
[EventDate "2018.12.19"]
[EventType "swiss"]
[EventCountry "RUS"]
[SourceTitle "playchess.com"]
[Source "ChessBase"]
[SourceQuality "1"]

1. d4 d5 2. c4 e6 3. Nf3 Nf6 4. Nc3 Be7 5. Bg5 O-O 6. e3 h6 7. Bh4 Ne4 8. Bxe7 Qxe7 9. Bd3 Nxc3 10. bxc3 f5 11. O-O Nd7 12. cxd5 exd5 13. c4 c6 14. cxd5 cxd5 15. Rc1 Qd6 16. Qc2 Nb6 17. Qc5 Qe6 18. Qc7 Bd7 19. Qxb7 f4 20. exf4 Rxf4 21. Ne5 Be8 22. Rc7 Rxd4 23. Rxg7+ Kf8 24. Ng6+ Bxg6 25. Rxg6 Qf7 26. Rxb6 Qxb7 27. Rxb7 Rxd3 28. h3 Rd2 29. a4 d4 30. Re1 d3 31. Rd7 Re8 32. Rxe8+ Kxe8 33. Rd4 Ke7 34. Kh2 Ke6 35. f4 h5 36. Kg3 Kf5 37. Kf3 h4 38. a5 a6 39. Rd6 Rd1 40. Ke3 Re1+ 41. Kf3 Rd1 42. Rd5+ Ke6 43. Rd8 Rg1 44. Rg8 Rd1 45. Rg6+ Kf5 46. Rxa6 d2 47. Ke2 Rg1 48. Kxd2 Rxg2+ 49. Ke3 Rg3+ 50. Kf2 Kxf4 51. Rf6+ Ke5 52. Rf3 Rg8 53. Ra3 Ra8 54. a6 Ra7 55. Kf3 Kf5 56. Ra5+ Kg6 57. Kg4 Kh6 58. Kxh4 Kg6 59. Kg4 Kh6 60. Kf5 Kh5 61. Ke6+ 1-0

[Event "FIDE World Blitz-ch Women 2018"]
[Site "St. Petersburg"]
[Date "2018.12.29"]
[Round "5.47"]
[White "Romanovskaya, Anna"]
[Black "Petrova, Irina"]
[Result "0-1"]
[WhiteElo "2210"]
[BlackElo "2124"]
[Annotator "NA"]
[PlyCount "50"]
[EventDate "2018.12.19"]
[EventType "swiss"]
[EventCountry "RUS"]
[SourceTitle "playchess.com"]
[Source "ChessBase"]
[SourceQuality "1"]

1. e4 g6 2. f4 Bg7 3. Nc3 c6 4. d3 d5 5. Qe2 h5 6. Nf3 d4 7. Nd1 c5 8. g3 Nc6 9. Bg2 Nf6 10. Nf2 Ng4 11. h3 Ne3 12. Bxe3 dxe3 13. Qxe3 Bxb2 14. Rb1 Bc3+ 15. Kf1 Qa5 16. Rb3 Bg7 17. a3 Nd4 18. Nxd4 Bxd4 19. Qe2 Rb8 20. Bf3 Be6 21. c4 Qa4 22. Qc2 O-O 23. Kg2 b5 24. Rhb1 bxc4 25. Rxb8 Qxc2 0-1

[Event "FIDE World Blitz-ch Women 2018"]
[Site "St. Petersburg"]
[Date "2018.12.29"]
[Round "5.48"]
[White "Ovod, Evgenija"]
[Black "Mkrtchian, Lilit"]
[Result "1/2-1/2"]
[WhiteElo "2367"]
[BlackElo "2392"]
[Annotator "NA"]
[PlyCount "98"]
[EventDate "2018.12.19"]
[EventType "swiss"]
[EventCountry "RUS"]
[SourceTitle "playchess.com"]
[Source "ChessBase"]
[SourceQuality "1"]

1. e4 e6 2. d4 d5 3. exd5 exd5 4. Bd3 c5 5. dxc5 Bxc5 6. Nf3 Nf6 7. O-O O-O 8. Nc3 h6 9. Bf4 Nc6 10. Qd2 Re8 11. Rfe1 Bg4 12. Ne5 Nxe5 13. Rxe5 Rxe5 14. Bxe5 Be6 15. h3 Nd7 16. Bg3 Qf6 17. a3 Nb6 18. Re1 Rc8 19. Be5 Qh4 20. Nb5 Nc4 21. Bxc4 dxc4 22. Rd1 Qh5 23. Bd4 Rd8 24. c3 a6 25. Nc7 Bxd4 26. cxd4 Bd5 27. Nxd5 Rxd5 28. Re1 Rd8 29. Qc3 Qd5 30. Rc1 b5 31. Rd1 Rd7 32. Rd2 Rd8 33. Rd1 Re8 34. f3 Rd8 35. Kf2 Qh5 36. Rd2 Qg5 37. Rd1 Rd5 38. Rd2 Qf4 39. Rd1 h5 40. Qe3 Qb8 41. Qe4 Qd8 42. Rd2 h4 43. Rd1 g6 44. Rd2 Qg5 45. Rd1 Qg3+ 46. Kf1 Qg5 47. Kf2 Qg3+ 48. Kf1 Qg5 49. Kf2 Qg3+ 1/2-1/2

[Event "FIDE World Blitz-ch Women 2018"]
[Site "St. Petersburg"]
[Date "2018.12.29"]
[Round "5.49"]
[White "Khomeriki, Nino"]
[Black "Goltseva, Ekaterina"]
[Result "1-0"]
[WhiteElo "2347"]
[BlackElo "2153"]
[Annotator "NA"]
[PlyCount "64"]
[EventDate "2018.12.19"]
[EventType "swiss"]
[EventCountry "RUS"]
[SourceTitle "playchess.com"]
[Source "ChessBase"]
[SourceQuality "1"]

1. d4 d5 2. Nf3 Nf6 3. e3 c5 4. c4 e6 5. Nc3 a6 6. cxd5 Nxd5 7. Nxd5 Qxd5 8. Be2 Nc6 9. O-O Be7 10. b3 O-O 11. Bb2 Bf6 12. Ba3 b6 13. Rc1 Rd8 14. dxc5 Qf5 15. Qc2 b5 16. Qxf5 exf5 17. Rc2 Bb7 18. Bb2 Bxb2 19. Rxb2 Rd5 20. b4 a5 21. a3 Ba6 22. Rc1 Rb8 23. Kf1 axb4 24. axb4 Bc8 25. Rd1 Be6 26. Nd4 Nxd4 27. Rxd4 Rxd4 28. exd4 Bd5 29. Bf3 Bc4+ 30. Ke1 Rd8 31. Rd2 g6 32. d5 Kg7 1-0

[Event "FIDE World Blitz-ch Women 2018"]
[Site "St. Petersburg"]
[Date "2018.12.29"]
[Round "5.50"]
[White "Dumcheva, Julia"]
[Black "Lysenko, Margarita"]
[Result "0-1"]
[WhiteElo "2168"]
[BlackElo "2190"]
[Annotator "NA"]
[PlyCount "188"]
[EventDate "2018.12.19"]
[EventType "swiss"]
[EventCountry "RUS"]
[SourceTitle "playchess.com"]
[Source "ChessBase"]
[SourceQuality "1"]

1. e4 Nf6 2. e5 Nd5 3. d4 d6 4. exd6 cxd6 5. Nf3 g6 6. Be2 Bg7 7. O-O O-O 8. Re1 Nb6 9. h3 d5 10. Bg5 h6 11. Bh4 Nc6 12. Bb5 g5 13. Bg3 Bf5 14. c3 Rc8 15. h4 e6 16. hxg5 hxg5 17. Nbd2 Na5 18. Be5 f6 19. Bg3 a6 20. Ba4 Nac4 21. Nxc4 Nxc4 22. Qe2 b5 23. Bb3 Qb6 24. Nh2 Nd6 25. Bxd6 Qxd6 26. Bc2 Bxc2 27. Qxc2 b4 28. Re3 bxc3 29. bxc3 f5 30. Rae1 Rf6 31. Qe2 Rh6 32. g3 Rc6 33. Rf3 Qf8 34. Kg2 Qd8 35. Rh1 g4 36. Re3 Qc8 37. Re1 Qd7 38. a4 Rg6 39. a5 Bh6 40. Rd3 Bg7 41. Rb1 Qc7 42. Qb2 Qxa5 43. Qb8+ Kh7 44. Rh1 Rh6 45. Qe8 Qc7 46. Re3 Qc8 47. Qe7 Rc7 48. Qg5 Qf8 49. Nf1 Rxh1 50. Kxh1 Rc6 51. Qh5+ Kg8 52. Qg6 Qf7 53. Qg5 Qf6 54. Qh5 Qh6 55. Qxh6 Bxh6 56. Re2 Kf7 57. Ra2 Rxc3 58. Rxa6 Rd3 59. Ra7+ Kf6 60. Rh7 Bg5 61. Kg2 Rxd4 62. Rd7 Rd1 63. Ne3 Bxe3 64. fxe3 Ke5 65. Re7 Rd2+ 66. Kf1 d4 67. exd4+ Rxd4 68. Kf2 Rd3 69. Kg2 Ra3 70. Rb7 Ra2+ 71. Kg1 Kf6 72. Rb6 Re2 73. Rb8 e5 74. Rb6+ Kg5 75. Kf1 Re3 76. Kf2 Rf3+ 77. Kg2 e4 78. Re6 Ra3 79. Kf2 Ra2+ 80. Kg1 Rd2 81. Kf1 Rd3 82. Kg2 Ra3 83. Kf2 Ra7 84. Ke3 Rf7 85. Rd6 Rf6 86. Rd8 Ra6 87. Rg8+ Kf6 88. Kf4 Ra3 89. Rf8+ Ke6 90. Re8+ Kf7 91. Re5 Rf3+ 92. Kg5 e3 93. Kh6 Kf6 94. Re8 Rxg3 0-1

[Event "FIDE World Blitz-ch Women 2018"]
[Site "St. Petersburg"]
[Date "2018.12.29"]
[Round "5.51"]
[White "Iljushina, Olga"]
[Black "Tomilova, Elena"]
[Result "0-1"]
[WhiteElo "2259"]
[BlackElo "2338"]
[Annotator "NA"]
[PlyCount "61"]
[EventDate "2018.12.19"]
[EventType "swiss"]
[EventCountry "RUS"]
[SourceTitle "playchess.com"]
[Source "ChessBase"]
[SourceQuality "1"]

1. d4 d5 2. c4 c6 3. Nf3 Nf6 4. Nc3 dxc4 5. e3 b5 6. a4 b4 7. Na2 e6 8. Bxc4 Nbd7 9. O-O Bb7 10. Qe2 c5 11. Rd1 Qc7 12. Bd2 a5 13. Be1 Bd6 14. Bb5 O-O 15. h3 Rac8 16. Nc1 c4 17. Na2 Nb6 18. Rac1 Ne4 19. Nd2 b3 20. Nxb3 Qe7 21. Nd2 Nxd2 22. Bxd2 Bb8 23. Bxa5 Qd6 24. f4 Nd5 25. Bxc4 Nxf4 26. exf4 Qxf4 27. d5 exd5 28. Bb5 d4 29. Rxc8 Rxc8 30. Qd3 Be4 31. g3 0-1

[Event "FIDE World Blitz-ch Women 2018"]
[Site "St. Petersburg"]
[Date "2018.12.29"]
[Round "5.52"]
[White "Belova, Olga"]
[Black "Guseva, Marina"]
[Result "0-1"]
[WhiteElo "2069"]
[BlackElo "2408"]
[Annotator "NA"]
[PlyCount "114"]
[EventDate "2018.12.19"]
[EventType "swiss"]
[EventCountry "RUS"]
[SourceTitle "playchess.com"]
[Source "ChessBase"]
[SourceQuality "1"]

1. e4 c6 2. g3 d5 3. Bg2 dxe4 4. Bxe4 Nf6 5. Bg2 Bg4 6. Ne2 e5 7. d3 Nbd7 8. O-O Bc5 9. Nbc3 O-O 10. h3 Bh5 11. g4 Bg6 12. Bg5 Qc7 13. Bh4 b5 14. a3 Qb6 15. Ng3 Rac8 16. Qe2 Rfe8 17. Nge4 Nxe4 18. Nxe4 Bf8 19. Bg3 a5 20. Kh2 a4 21. Qd2 c5 22. f4 exf4 23. Bxf4 Ne5 24. Ng3 Nc6 25. Rae1 Nd4 26. h4 h6 27. Be4 Bxe4 28. Nxe4 Re6 29. c3 Nc6 30. g5 hxg5 31. Nxg5 Rxe1 32. Rxe1 Ne7 33. Qg2 Ng6 34. Bg3 Bd6 35. h5 Nf4 36. Qf3 Qc7 37. Ne4 Be5 38. d4 cxd4 39. cxd4 Qc2+ 40. Re2 Qxe2+ 41. Qxe2 Nxe2 42. Bxe5 Nxd4 43. Bxd4 Rc4 44. Nf6+ gxf6 45. Bxf6 Rf4 46. Bc3 Rh4+ 47. Kg3 Rxh5 48. Kg4 Rd5 49. Bf6 Kh7 50. Kf4 Kg6 51. Be5 f6 52. Bc3 Kf7 53. Ke4 Rh5 54. Kf4 Ke6 55. Bb4 Rh4+ 56. Kf3 Rxb4 57. axb4 Kd5 0-1

[Event "FIDE World Blitz-ch Women 2018"]
[Site "St. Petersburg"]
[Date "2018.12.29"]
[Round "5.53"]
[White "Maroroa, Sue"]
[Black "Gromova, Iulia"]
[Result "1-0"]
[WhiteElo "2120"]
[BlackElo "2241"]
[Annotator "NA"]
[PlyCount "89"]
[EventDate "2018.12.19"]
[EventType "swiss"]
[EventCountry "RUS"]
[SourceTitle "playchess.com"]
[Source "ChessBase"]
[SourceQuality "1"]

1. e4 c6 2. d4 d5 3. e5 Bf5 4. h4 h5 5. Bd3 Bxd3 6. Qxd3 e6 7. Bg5 Qa5+ 8. Nd2 Qa6 9. Qf3 Ne7 10. Ne2 Nf5 11. c3 c5 12. O-O Nc6 13. Nb3 cxd4 14. cxd4 Qb6 15. Rfd1 a5 16. a4 Be7 17. Bxe7 Ncxe7 18. g3 O-O 19. Nc5 Nxd4 20. Nxd4 Qxc5 21. Qxh5 Ng6 22. Nf3 Rfd8 23. Ng5 Rac8 24. Nxe6 fxe6 25. Qxg6 Rc6 26. h5 Rf8 27. Rf1 Qc2 28. Qxc2 Rxc2 29. Rac1 Rxb2 30. Rc7 Rf5 31. f4 Rxh5 32. Rf2 Rb3 33. Kg2 Rb4 34. Re7 Rh6 35. Rc2 Rxa4 36. Rcc7 Rg6 37. Rc3 Ra2+ 38. Kf3 b5 39. g4 Kf8 40. Ra7 Kg8 41. f5 exf5 42. gxf5 Rg5 43. Kf4 Rag2 44. Ra8+ Kh7 45. Rh3+ 1-0

[Event "FIDE World Blitz-ch Women 2018"]
[Site "St. Petersburg"]
[Date "2018.12.29"]
[Round "5.54"]
[White "Smirnova, Ekaterina"]
[Black "Gritsayeva, Oksana"]
[Result "0-1"]
[WhiteElo "2192"]
[BlackElo "2378"]
[Annotator "NA"]
[PlyCount "80"]
[EventDate "2018.12.19"]
[EventType "swiss"]
[EventCountry "RUS"]
[SourceTitle "playchess.com"]
[Source "ChessBase"]
[SourceQuality "1"]

1. d4 Nf6 2. c4 e6 3. Nc3 c5 4. d5 exd5 5. cxd5 d6 6. e4 g6 7. f4 Bg7 8. Bb5+ Nfd7 9. Nf3 O-O 10. O-O a6 11. Bd3 b5 12. a3 Qc7 13. Kh1 Bb7 14. f5 Ne5 15. Nxe5 Bxe5 16. f6 Nd7 17. Bg5 Qd8 18. Qf3 Re8 19. Rae1 b4 20. axb4 cxb4 21. Nd1 Kh8 22. Ne3 Bxb2 23. Nc4 Ne5 24. Nxe5 Bxe5 25. Qh3 Rg8 26. Rf3 Bc8 27. g4 h5 28. Rf5 Kh7 29. gxh5 gxf5 30. Bh4 f4 31. Qf3 Bg4 32. Qf2 b3 33. Rg1 Qd7 34. Rb1 Rab8 35. Bxa6 b2 36. Bd3 Bxh5 37. Rg1 Rxg1+ 38. Kxg1 b1=Q+ 39. Bxb1 Rxb1+ 40. Kg2 Qg4+ 0-1

[Event "FIDE World Blitz-ch Women 2018"]
[Site "St. Petersburg"]
[Date "2018.12.29"]
[Round "5.55"]
[White "Bogumil, Tatiana"]
[Black "Diakonova, Ekaterina"]
[Result "0-1"]
[WhiteElo "2114"]
[BlackElo "2225"]
[Annotator "NA"]
[PlyCount "87"]
[EventDate "2018.12.19"]
[EventType "swiss"]
[EventCountry "RUS"]
[SourceTitle "playchess.com"]
[Source "ChessBase"]
[SourceQuality "1"]

1. Nf3 Nf6 2. c4 b6 3. g3 Bb7 4. Bg2 g6 5. b3 Bg7 6. Bb2 O-O 7. O-O d5 8. d3 c5 9. Nbd2 Nbd7 10. Re1 Re8 11. cxd5 Bxd5 12. e4 Bb7 13. e5 Nd5 14. d4 cxd4 15. Bxd4 Nf8 16. Ne4 Ne6 17. Bb2 Qd7 18. Qe2 Red8 19. Rad1 Qe8 20. a3 a5 21. Nfg5 Nec7 22. h4 h6 23. Nf3 Rac8 24. Rd2 Ne6 25. Qd1 Qb5 26. Bh3 Ndc7 27. Nd4 Qe8 28. a4 Bxe5 29. Nxe6 Rxd2 30. Qxd2 Bxb2 31. Nxc7 Rxc7 32. Qxb2 Qd8 33. Bg2 f6 34. Qd2 Rd7 35. Qxh6 Qa8 36. Qxg6+ Kf8 37. h5 Rd4 38. f3 Bxe4 39. fxe4 Rd2 40. h6 Qc6 41. Qg7+ Ke8 42. Qg8+ Kd7 43. Qc4 Qd6 44. Qb5+ 0-1

[Event "FIDE World Blitz-ch Women 2018"]
[Site "St. Petersburg"]
[Date "2018.12.29"]
[Round "5.56"]
[White "Molchanova, Tatjana"]
[Black "Bulatova, Kamaliya"]
[Result "1-0"]
[WhiteElo "2245"]
[BlackElo "2007"]
[Annotator "NA"]
[PlyCount "100"]
[EventDate "2018.12.19"]
[EventType "swiss"]
[EventCountry "RUS"]
[SourceTitle "playchess.com"]
[Source "ChessBase"]
[SourceQuality "1"]

1. e4 e6 2. d3 c5 3. g3 Nf6 4. Bg2 d5 5. Nd2 Nc6 6. Ngf3 g6 7. O-O Bg7 8. c3 O-O 9. Re1 a5 10. h4 a4 11. a3 dxe4 12. dxe4 b5 13. Qe2 Qb6 14. e5 Ng4 15. h5 Bb7 16. Nf1 Ncxe5 17. Nxe5 Nxe5 18. hxg6 hxg6 19. f4 Bxg2 20. Kxg2 Qc6+ 21. Qe4 Qxe4+ 22. Rxe4 Nd3 23. Be3 Rfe8 24. Bg1 c4 25. Re2 e5 26. fxe5 Rxe5 27. Rxe5 Bxe5 28. Rb1 Re8 29. Nd2 Bd6 30. Kf3 Ne1+ 31. Kf2 Bc5+ 32. Kf1 Bxg1 33. Kxg1 Nd3 34. Nf3 Re2 35. Nd4 Re5 36. Kg2 f5 37. Kf3 Kf7 38. g4 fxg4+ 39. Kxg4 Kf6 40. Rf1+ Kg7 41. Rb1 Rd5 42. Kg3 g5 43. Kg4 Kg6 44. Kg3 Re5 45. Kg4 Nf2+ 46. Kg3 Ne4+ 47. Kg4 Nf6+ 48. Kg3 Re3+ 49. Kf2 Re5 50. Kg3 g4 1-0

[Event "FIDE World Blitz-ch Women 2018"]
[Site "St. Petersburg"]
[Date "2018.12.29"]
[Round "5.57"]
[White "Loskutova, Viktoriya"]
[Black "Garcia Martin, Marta"]
[Result "0-1"]
[WhiteElo "2105"]
[BlackElo "2301"]
[Annotator "NA"]
[PlyCount "52"]
[EventDate "2018.12.19"]
[EventType "swiss"]
[EventCountry "RUS"]
[SourceTitle "playchess.com"]
[Source "ChessBase"]
[SourceQuality "1"]

1. e4 c5 2. Nf3 e6 3. d4 cxd4 4. Nxd4 a6 5. c4 Nf6 6. Nc3 Qc7 7. a3 b6 8. Be3 Bb7 9. f3 d6 10. Be2 Nbd7 11. O-O Be7 12. Qd2 O-O 13. b4 Rac8 14. Rac1 Qb8 15. Rc2 Rfe8 16. Rb1 Bf8 17. Na4 d5 18. exd5 exd5 19. cxd5 Nxd5 20. Rxc8 Rxc8 21. Bf2 Bd6 22. h3 b5 23. Nb2 Bf4 24. Qd3 Ne5 25. Qf5 g6 26. Qxf4 Nxf4 0-1

[Event "FIDE World Blitz-ch Women 2018"]
[Site "St. Petersburg"]
[Date "2018.12.29"]
[Round "5.58"]
[White "Geller, Anastasiya"]
[Black "Yurasova, Daria"]
[Result "1/2-1/2"]
[WhiteElo "2187"]
[BlackElo "2190"]
[Annotator "NA"]
[PlyCount "134"]
[EventDate "2018.12.19"]
[EventType "swiss"]
[EventCountry "RUS"]
[SourceTitle "playchess.com"]
[Source "ChessBase"]
[SourceQuality "1"]

1. Nf3 d5 2. g3 c6 3. Bg2 Nf6 4. c4 Bf5 5. cxd5 cxd5 6. O-O e6 7. d3 Be7 8. Qb3 Nbd7 9. Qxb7 O-O 10. Qb3 Nc5 11. Qd1 Rb8 12. Nbd2 Nfd7 13. Nd4 Qc7 14. Nxf5 exf5 15. Bxd5 Bf6 16. Nc4 Rbd8 17. Bg2 Nb6 18. Nxb6 Qxb6 19. Rb1 Ne6 20. Be3 Qa5 21. a3 Be5 22. Qd2 Qc7 23. Rfc1 Qb8 24. f4 Bf6 25. Bf2 Nd4 26. Rc4 Rfe8 27. e3 Ne6 28. d4 g6 29. Rbc1 Qb3 30. R4c3 Qb8 31. b4 Nf8 32. Rc6 Bg7 33. Qc3 Nd7 34. Rc7 Nb6 35. Qb3 Rf8 36. a4 Nc8 37. a5 Nd6 38. a6 Qb6 39. b5 Rb8 40. Bf1 Nxb5 41. Rb7 Rxb7 42. axb7 a6 43. Bxb5 axb5 44. Rb1 Qxb7 45. Qxb5 Qe4 46. Rd1 h5 47. h4 Qf3 48. Qb1 Kh7 49. d5 Rd8 50. d6 Qc6 51. Qd3 Rd7 52. Be1 Bf8 53. Bb4 Qf3 54. Be1 Rxd6 55. Qxd6 Bxd6 56. Rxd6 Qxe3+ 57. Bf2 Qc1+ 58. Kh2 Qc2 59. Kg2 Qe4+ 60. Kg1 Qf3 61. Rd7 Qb3 62. Rd8 Qb1+ 63. Kh2 Qb2 64. Kg1 Qb1+ 65. Kg2 Qb7+ 66. Kh2 Qc7 67. Rd2 Qc3 1/2-1/2

[Event "FIDE World Blitz-ch Women 2018"]
[Site "St. Petersburg"]
[Date "2018.12.29"]
[Round "5.59"]
[White "Sviridova, Vlada"]
[Black "Gvanceladze, Anna"]
[Result "0-1"]
[WhiteElo "2144"]
[BlackElo "2264"]
[Annotator "NA"]
[PlyCount "142"]
[EventDate "2018.12.19"]
[EventType "swiss"]
[EventCountry "RUS"]
[SourceTitle "playchess.com"]
[Source "ChessBase"]
[SourceQuality "1"]

1. d4 d5 2. c4 c6 3. Nf3 Nf6 4. Nc3 dxc4 5. a4 Na6 6. e3 Bg4 7. Bxc4 e6 8. h3 Bh5 9. g4 Bg6 10. Ne5 Nb4 11. Nxg6 hxg6 12. Kf1 Qa5 13. Kg2 O-O-O 14. Qb3 Kb8 15. Bd2 c5 16. Na2 Qb6 17. Nxb4 cxb4 18. a5 Qc6+ 19. f3 Nd5 20. e4 Nc7 21. Be3 f5 22. e5 Be7 23. Rac1 Rh4 24. Bf2 Rh7 25. Rhd1 Rdh8 26. d5 exd5 27. Bxd5 Qe8 28. Bxa7+ Kxa7 29. Rxc7 Qb5 30. Qe3+ Kb8 31. Rxb7+ Qxb7 32. Bxb7 Rxh3 33. Qa7+ Kxa7 34. Rd7 Rh2+ 35. Kg3 Bg5 36. Bd5+ Ka6 37. gxf5 gxf5 38. Bc4+ Kxa5 39. Ra7+ Kb6 40. Ra6+ Kc5 41. Bf1 R8h4 42. f4 Bxf4+ 43. Kf3 g5 44. e6 Rh7 45. b3 Bd6 46. Ke3 Re7 47. Bc4 Rc2 48. Kd3 Rxc4 49. bxc4 Rxe6 50. Ra5+ Kc6 51. Rxf5 g4 52. Rg5 g3 53. Kc2 Re3 54. Rg6 Kc5 55. Kd2 Ra3 56. Kc1 Rc3+ 57. Kb2 Rxc4 58. Rg5+ Kc6 59. Rg6 Rc3 60. Kb1 Rf3 61. Kc2 Rf2+ 62. Kb3 g2 63. Kc4 Rb2 64. Kd3 Kd5 65. Rg5+ Be5 66. Ke3 Rb3+ 67. Kf2 Rg3 68. Rxg3 Bxg3+ 69. Kxg2 b3 70. Kxg3 b2 71. Kf4 b1=Q 0-1

[Event "FIDE World Blitz-ch Women 2018"]
[Site "St. Petersburg"]
[Date "2018.12.29"]
[Round "5.60"]
[White "Kirchei, Viktoriia"]
[Black "Makarenko, Alexandra"]
[Result "1-0"]
[WhiteElo "1972"]
[BlackElo "2228"]
[Annotator "NA"]
[PlyCount "131"]
[EventDate "2018.12.19"]
[EventType "swiss"]
[EventCountry "RUS"]
[SourceTitle "playchess.com"]
[Source "ChessBase"]
[SourceQuality "1"]

1. e4 e5 2. Nf3 Nc6 3. Bb5 a6 4. Ba4 Nf6 5. O-O b5 6. Bb3 Bb7 7. c3 Nxe4 8. Re1 Nc5 9. Nxe5 Nxe5 10. Rxe5+ Ne6 11. d4 Bd6 12. Rh5 Qf6 13. Qd3 g6 14. Rh3 O-O 15. Bh6 Rfe8 16. Nd2 Nf4 17. Bxf4 Qxf4 18. Nf3 Be4 19. Qd2 Qxd2 20. Nxd2 Bb7 21. Nf3 Bf4 22. Rh4 g5 23. Rh5 Bxf3 24. gxf3 Kg7 25. Kf1 c6 26. Bc2 h6 27. h4 Re7 28. hxg5 Bxg5 29. Rh3 Rae8 30. Rg3 Kf8 31. Bd3 Bf4 32. Rg4 Bg5 33. f4 Bf6 34. Bh7 Bg7 35. Bd3 d5 36. Kg2 Re1 37. Rxe1 Rxe1 38. Bf5 Re7 39. Bc8 a5 40. Kf3 b4 41. Bf5 bxc3 42. bxc3 Rb7 43. Rg1 a4 44. Rc1 a3 45. Rb1 Rb2 46. Rxb2 axb2 47. Ke2 Ke7 48. Kd2 Kd6 49. Kc2 c5 50. dxc5+ Kxc5 51. Kxb2 d4 52. cxd4+ Bxd4+ 53. Kc2 Bxf2 54. Kd3 h5 55. Bd7 f6 56. Be6 h4 57. Ke2 Bg3 58. Kf3 Kd6 59. Bf5 Be1 60. Ke2 Bb4 61. a4 Ba5 62. Kf3 Kc5 63. Bd7 Kb4 64. Kg4 Bc7 65. Kxh4 Bxf4 66. Kg4 1-0

[Event "FIDE World Blitz-ch Women 2018"]
[Site "St. Petersburg"]
[Date "2018.12.29"]
[Round "5.61"]
[White "Injac, Teodora"]
[Black "Stetsko, Lanita"]
[Result "1-0"]
[WhiteElo "2325"]
[BlackElo "2194"]
[Annotator "NA"]
[PlyCount "96"]
[EventDate "2018.12.19"]
[EventType "swiss"]
[EventCountry "RUS"]
[SourceTitle "playchess.com"]
[Source "ChessBase"]
[SourceQuality "1"]

1. d4 Nf6 2. Nf3 d5 3. c4 e6 4. Nc3 a6 5. cxd5 exd5 6. Bg5 Be6 7. e3 Nbd7 8. Bd3 Bd6 9. O-O c6 10. Qe2 h6 11. Bf4 Qc7 12. Bxd6 Qxd6 13. Rab1 O-O 14. h3 c5 15. dxc5 Nxc5 16. Nd4 Bd7 17. Rbc1 Nce4 18. Rfd1 Rac8 19. Qe1 Qe5 20. Nce2 Ng5 21. Nf4 Ne6 22. Ndxe6 fxe6 23. Ng6 Qxb2 24. Rxc8 Rxc8 25. Ne7+ Kf7 26. Nxc8 Bxc8 27. Qa5 Bd7 28. Rb1 Qe5 29. Rxb7 Qa1+ 30. Rb1 Qe5 31. Qxa6 d4 32. exd4 Qxd4 33. Qc4 Qe5 34. a4 Nd5 35. Qg4 Nf4 36. Bf1 h5 37. Qd1 Nd5 38. Rb7 Qd6 39. Qxh5+ Ke7 40. Qg5+ Kf7 41. a5 Nf6 42. Qe3 Qc6 43. Rb6 Qc7 44. Ra6 Qb7 45. Ra7 Qc6 46. a6 Nd5 47. Qf3+ Ke7 48. Rb7 Qd6 1-0

[Event "FIDE World Blitz-ch Women 2018"]
[Site "St. Petersburg"]
[Date "2018.12.29"]
[Round "5.62"]
[White "Komiagina, Maria"]
[Black "Kosteniuk, Oksana"]
[Result "1/2-1/2"]
[WhiteElo "2234"]
[BlackElo "2096"]
[Annotator "NA"]
[PlyCount "73"]
[EventDate "2018.12.19"]
[EventType "swiss"]
[EventCountry "RUS"]
[SourceTitle "playchess.com"]
[Source "ChessBase"]
[SourceQuality "1"]

1. e4 d5 2. exd5 Qxd5 3. Nc3 Qd6 4. d4 Nf6 5. Nf3 Nc6 6. h3 Bf5 7. a3 a6 8. Bc4 e6 9. O-O Be7 10. Be3 O-O 11. Nh4 Bg6 12. Nxg6 hxg6 13. Ne2 Nd5 14. Bxd5 Qxd5 15. Qd3 Bf6 16. c4 Qf5 17. Qxf5 gxf5 18. Rac1 Rfd8 19. Rfd1 Na5 20. b4 Nc6 21. f4 Rd7 22. Rd2 Rad8 23. Rcd1 Ne7 24. Kf2 c6 25. g4 fxg4 26. hxg4 g6 27. Ng3 Bg7 28. Ne4 b6 29. c5 b5 30. Nd6 Nd5 31. Kf3 f5 32. g5 Nc3 33. Rh1 Nd5 34. Rdh2 Nc3 35. Bf2 Nd5 36. Be3 Nc3 37. Bf2 1/2-1/2